000 00636nam a2200193Ia 4500
003 IN-BaIIA
008 211028s9999 xx 000 0 eng d
020 _a1-4020-1755-3
040 _cIIA Library
080 _a52(082.1)
_bASS-299
245 0 _aOpen issues in local star formation
_cedited by J. Lepine and J. Gregorio-Hetem
260 _aDordrecht
_bKluwer Academic
_c2003
300 _aviii, 402p.
490 _aAstrophysics and space science library; v. 299
650 _aFormation of stars
_929581
650 _aStars
700 _aGregorio-Hetem, J., ed.
_929582
942 _cBK
999 _c15998
_d15998